Developing theatre in the global south (Record no. 80635)
[ view plain ]
| 000 -LEADER | |
|---|---|
| fixed length control field | 01272cam a2200385Mi 4500 |
| 001 - CONTROL NUMBER | |
| control field | on1424915576 |
| 003 - CONTROL NUMBER IDENTIFIER | |
| control field | OCoLC |
| 005 - DATE AND TIME OF LATEST TRANSACTION | |
| control field | 20240620195750.0 |
| 006 - FIXED-LENGTH DATA ELEMENTS--ADDITIONAL MATERIAL CHARACTERISTICS | |
| fixed length control field | m o d |
| 007 - PHYSICAL DESCRIPTION FIXED FIELD--GENERAL INFORMATION | |
| fixed length control field | cr |n||||||||| |
| 008 - FIXED-LENGTH DATA ELEMENTS--GENERAL INFORMATION | |
| fixed length control field | 240304s2024 xx o 0|| 0 eng d |
| 040 ## - CATALOGING SOURCE | |
| Original cataloging agency | YDX |
| Language of cataloging | eng |
| Description conventions | rda |
| Transcribing agency | YDX |
| Modifying agency | JSTOR |
| -- | OCLCO |
| 020 ## - INTERNATIONAL STANDARD BOOK NUMBER | |
| International Standard Book Number | 9781800085749 |
| Qualifying information | (electronic bk.) |
| 020 ## - INTERNATIONAL STANDARD BOOK NUMBER | |
| International Standard Book Number | 1800085745 |
| Qualifying information | (electronic bk.) |
| 020 ## - INTERNATIONAL STANDARD BOOK NUMBER | |
| Canceled/invalid ISBN | 1800085753 |
| 020 ## - INTERNATIONAL STANDARD BOOK NUMBER | |
| Canceled/invalid ISBN | 9781800085756 |
| 020 ## - INTERNATIONAL STANDARD BOOK NUMBER | |
| Canceled/invalid ISBN | 1800085761 |
| 020 ## - INTERNATIONAL STANDARD BOOK NUMBER | |
| Canceled/invalid ISBN | 9781800085763 |
| 035 ## - SYSTEM CONTROL NUMBER | |
| System control number | (OCoLC)1424915576 |
| 037 ## - SOURCE OF ACQUISITION | |
| Stock number | 22573/cats8696865 |
| Source of stock number/acquisition | JSTOR |
| 050 #4 - LIBRARY OF CONGRESS CALL NUMBER | |
| Classification number | PN3032 |
| 245 00 - TITLE STATEMENT | |
| Title | Developing theatre in the global south |
| Medium | [electronic resource] : |
| Remainder of title | institutions, networks, experts. |
| 264 #1 - PRODUCTION, PUBLICATION, DISTRIBUTION, MANUFACTURE, AND COPYRIGHT NOTICE | |
| Place of production, publication, distribution, manufacture | [S.l.] : |
| Name of producer, publisher, distributor, manufacturer | UCL PRESS, |
| Date of production, publication, distribution, manufacture, or copyright notice | 2024. |
| 300 ## - PHYSICAL DESCRIPTION | |
| Extent | 1 online resource |
| 590 ## - LOCAL NOTE (RLIN) | |
| Local note | JSTOR |
| Provenance (VM) [OBSOLETE] | Books at JSTOR Open Access |
| 650 #0 - SUBJECT ADDED ENTRY--TOPICAL TERM | |
| Topical term or geographic name entry element | Theater |
| Geographic subdivision | Southern Hemisphere. |
| 650 #0 - SUBJECT ADDED ENTRY--TOPICAL TERM | |
| Topical term or geographic name entry element | Theater |
| Geographic subdivision | Developing countries. |
| 650 #0 - SUBJECT ADDED ENTRY--TOPICAL TERM | |
| Topical term or geographic name entry element | Theater |
| Geographic subdivision | Southern Hemisphere |
| General subdivision | Historiography. |
| 650 #0 - SUBJECT ADDED ENTRY--TOPICAL TERM | |
| Topical term or geographic name entry element | Theater |
| Geographic subdivision | Developing countries |
| General subdivision | Historiography. |
| 650 #6 - SUBJECT ADDED ENTRY--TOPICAL TERM | |
| Topical term or geographic name entry element | Théâtre |
| Geographic subdivision | Hémisphère sud. |
| 650 #6 - SUBJECT ADDED ENTRY--TOPICAL TERM | |
| Topical term or geographic name entry element | Théâtre |
| Geographic subdivision | Hémisphère sud |
| General subdivision | Historiographie. |
| 856 40 - ELECTRONIC LOCATION AND ACCESS | |
| Uniform Resource Identifier | <a href="https://www.jstor.org/stable/10.2307/jj.8731497">https://www.jstor.org/stable/10.2307/jj.8731497</a> |
| 942 ## - ADDED ENTRY ELEMENTS (KOHA) | |
| Koha item type | E-Book |
| 994 ## - | |
| -- | 92 |
| -- | PHURS |
| Withdrawn status | Source of classification or shelving scheme | Damaged status | Not for loan | Home library | Current library | Date acquired | Total Checkouts | Date last seen | Price effective from | Koha item type |
|---|---|---|---|---|---|---|---|---|---|---|
| Library of Congress Classification | Not For Loan | JSTOR Open Access Books | JSTOR Open Access Books | 06/05/2024 | 06/05/2024 | 06/05/2024 | E-Book |